[Event "Stuttgarter Stadtmeisterschaft A-Turnie"]
[Site "Ditzingen"]
[Date "2009.05.24"]
[Round "7.34"]
[White "Kerpe, Andreas"]
[Black "Lebeda, Timo"]
[Result "1-0"]
[WhiteElo "2084"]
[BlackElo "1942"]
[PlyCount "73"]
[EventDate "2009.??.??"]

1. e4 c5 2. c3 g6 3. d4 cxd4 4. cxd4 Bg7 5. Nc3 Nc6 6. Nf3 Nf6 7. e5 Ng4 8. h3
Nh6 9. Bf4 O-O 10. Qd2 Nf5 11. d5 g5 12. Bh2 Nb4 13. a3 Qa5 14. Rd1 Na6 15.
Qxg5 d6 16. Bd3 f6 17. exf6 Rxf6 18. O-O Bd7 19. Qd2 Rg6 20. Kh1 Rc8 21. Ne2
Qa4 22. Rc1 Nc5 23. g4 Nxd3 24. Rxc8+ Bxc8 25. Qxd3 Nh6 26. Nf4 Rf6 27. Nh5
Nxg4 28. hxg4 Rxf3 29. Qxf3 Bxg4 30. Qf4 Qb5 31. Qxg4 Qxf1+ 32. Bg1 Kf8 33.
Nxg7 h5 34. Ne6+ Kf7 35. Qg7+ Ke8 36. Qf8+ Kd7 37. Qd8# 1-0

[Event "Stuttgarter Stadtmeisterschaft A-Turnie"]
[Site "Ditzingen"]
[Date "2009.05.24"]
[Round "7.35"]
[White "Büter, Norbert"]
[Black "Zimmermann, Ulrich"]
[Result "1-0"]
[WhiteElo "2074"]
[BlackElo "1891"]
[PlyCount "87"]
[EventDate "2009.??.??"]

1. d4 Nf6 2. c4 c5 3. d5 e6 4. Nc3 exd5 5. Nxd5 Nxd5 6. cxd5 d6 7. g3 g6 8. Bg2
Bg7 9. e3 O-O 10. Ne2 b5 11. O-O Nd7 12. Rb1 Re8 13. b4 c4 14. Bb2 Ne5 15. h3
Bb7 16. Kh1 Rc8 17. Qd4 Qb6 18. Qc3 f6 19. Nf4 Bh8 20. Qd2 f5 21. Bd4 Qa6 22.
Qc3 g5 23. Nh5 g4 24. hxg4 fxg4 25. Be4 Rc7 26. Kg2 Rf7 27. Rh1 Ref8 28. Nf4
Bc8 29. Rh5 Bf5 30. Bxf5 Rxf5 31. Rbh1 R8f7 32. Qc2 Rxh5 33. Rxh5 Qb7 34. Qc3
a5 35. a3 axb4 36. axb4 Qa8 37. e4 Qa2 38. Rg5+ Kf8 39. Qe3 Qb1 40. Bc5 dxc5
41. Qxc5+ Re7 42. Rf5+ Kg8 43. Qc8+ Kg7 44. Qf8# 1-0

[Event "Stuttgarter Stadtmeisterschaft A-Turnie"]
[Site "Ditzingen"]
[Date "2009.05.24"]
[Round "7.36"]
[White "Bogenschütze, Paul jr"]
[Black "Cummings, Nicolai"]
[Result "1-0"]
[WhiteElo "2067"]
[BlackElo "1819"]
[PlyCount "41"]
[EventDate "2009.??.??"]

1. d4 d5 2. c4 dxc4 3. e4 Nf6 4. Nc3 e5 5. d5 Nbd7 6. Bxc4 Bb4 7. Bg5 Nc5 8. f3
Bd7 9. Nge2 b5 10. Bd3 c6 11. a3 Nxd3+ 12. Qxd3 Bxc3+ 13. Qxc3 Nxd5 14. Qxe5+
Ne7 15. Qxg7 Rg8 16. Qxg8+ Nxg8 17. Bxd8 Rxd8 18. O-O-O c5 19. Rd2 Rc8 20. Rhd1
a5 21. Rxd7 1-0

[Event "Stuttgarter Stadtmeisterschaft A-Turnie"]
[Site "Ditzingen"]
[Date "2009.05.24"]
[Round "7.37"]
[White "Schembera, Jörg"]
[Black "Keller, Harald"]
[Result "1/2-1/2"]
[WhiteElo "1828"]
[BlackElo "2053"]
[PlyCount "28"]
[EventDate "2009.??.??"]

1. d4 Nf6 2. c4 e5 3. dxe5 Ng4 4. e4 Nxe5 5. f4 Ng6 6. Be3 Bb4+ 7. Nd2 Qe7 8.
Qc2 Nc6 9. Ngf3 f5 10. O-O-O fxe4 11. Nxe4 d6 12. Kb1 Bf5 13. Bd3 Bxe4 14. Bxe4
O-O-O 1/2-1/2

[Event "Stuttgarter Stadtmeisterschaft A-Turnie"]
[Site "Ditzingen"]
[Date "2009.05.24"]
[Round "7.38"]
[White "Schömbs, Oliver"]
[Black "Probst, Alexander"]
[Result "1/2-1/2"]
[WhiteElo "1808"]
[BlackElo "2048"]
[PlyCount "47"]
[EventDate "2009.??.??"]

1. d4 Nf6 2. c4 g6 3. Nc3 d5 4. cxd5 Nxd5 5. e4 Nxc3 6. bxc3 Bg7 7. Bc4 c5 8.
Ne2 O-O 9. O-O Nd7 10. Be3 Nb6 11. Bd3 cxd4 12. cxd4 Be6 13. d5 Bg4 14. f3 Bxa1
15. Qxa1 Bd7 16. Bh6 f6 17. Bxf8 Kxf8 18. Nf4 Qc7 19. Qc1 Qe5 20. Nxg6+ hxg6
21. Qh6+ Kf7 22. Qh7+ Kf8 23. Qh8+ Kf7 24. Qh7+ 1/2-1/2

[Event "Stuttgarter Stadtmeisterschaft A-Turnie"]
[Site "Ditzingen"]
[Date "2009.05.24"]
[Round "7.39"]
[White "Schäfer, Alexander"]
[Black "Baumstark, Thomas"]
[Result "1-0"]
[WhiteElo "2007"]
[BlackElo "2163"]
[PlyCount "65"]
[EventDate "2009.??.??"]

1. e4 c5 2. Nf3 e6 3. d4 cxd4 4. Nxd4 Nf6 5. Nc3 d6 6. g4 h6 7. h4 Nc6 8. Rg1
e5 9. Nxc6 bxc6 10. g5 hxg5 11. hxg5 Nd7 12. g6 Nf6 13. gxf7+ Kxf7 14. Bg5 Be6
15. Qf3 Rb8 16. O-O-O Qb6 17. b3 Be7 18. Qg2 Rbg8 19. Be3 Qa5 20. Qg6+ Kf8 21.
Bd2 Bf7 22. Qf5 Qc7 23. Bg5 g6 24. Qf3 Kg7 25. Be2 Qd7 26. Rh1 Qd8 27. Rhg1 Qd7
28. Rd3 Be6 29. Rgd1 Rf8 30. Qg2 Rh3 31. Rg1 Rxd3 32. Bh6+ Kh8 33. Qxg6 1-0

[Event "Stuttgarter Stadtmeisterschaft A-Turnie"]
[Site "Ditzingen"]
[Date "2009.05.24"]
[Round "7.40"]
[White "Gabriel, Josef"]
[Black "Rudhart, Michael"]
[Result "1-0"]
[WhiteElo "2121"]
[BlackElo "1908"]
[PlyCount "41"]
[EventDate "2009.??.??"]

1. c4 c5 2. Nc3 Nc6 3. g3 b6 4. Bg2 Bb7 5. Nf3 Nd4 6. e4 Nxf3+ 7. Bxf3 d6 8. d4
cxd4 9. Qxd4 e6 10. O-O Rc8 11. Rd1 Qc7 12. b3 Bc6 13. Ba3 Rd8 14. Nb5 Bxb5 15.
cxb5 e5 16. Qd3 Qb7 17. Rac1 Ne7 18. Rc2 Nc8 19. Rdc1 Be7 20. Rc7 Qb8 21. Bg4
1-0

[Event "Stuttgarter Stadtmeisterschaft A-Turnie"]
[Site "Ditzingen"]
[Date "2009.05.24"]
[Round "7.41"]
[White "Nagelsdiek, Michael"]
[Black "Schmid, Eugen"]
[Result "1-0"]
[WhiteElo "2120"]
[BlackElo "1944"]
[PlyCount "81"]
[EventDate "2009.??.??"]

1. d4 Nf6 2. Nf3 e6 3. Bf4 d5 4. e3 Bd6 5. Nbd2 c5 6. Bb5+ Nc6 7. Ne5 Qc7 8. c3
O-O 9. Ndf3 Nd7 10. Nxd7 Bxd7 11. Bxd6 Qxd6 12. Ba4 Rad8 13. O-O b6 14. Re1
Rfe8 15. e4 dxe4 16. Rxe4 cxd4 17. Nxd4 Ne7 18. Bb3 Ng6 19. Qh5 Qc5 20. Qxc5
bxc5 21. Nc2 Bb5 22. Na3 Bc6 23. Rc4 Rd5 24. Ba4 Bxa4 25. Rxa4 Red8 26. g3 R8d7
27. Nb5 Ne5 28. Nxa7 Rd2 29. b4 cxb4 30. cxb4 Nd3 31. Nc6 g6 32. Rf1 Rb2 33. a3
Rd6 34. Ra8+ Kg7 35. Na5 Rd5 36. Nc4 Ra2 37. Rc8 Rc2 38. Nb6 Rxc8 39. Nxc8 Rd8
40. Rd1 Rd5 41. Nb6 1-0

[Event "Stuttgarter Stadtmeisterschaft A-Turnie"]
[Site "Ditzingen"]
[Date "2009.05.24"]
[Round "7.43"]
[White "Schnepel, Thomas"]
[Black "Turski, Tomasz"]
[Result "1/2-1/2"]
[WhiteElo "1982"]
[BlackElo "2077"]
[PlyCount "143"]
[EventDate "2009.??.??"]

1. e4 d6 2. d4 Nf6 3. Nc3 c6 4. f3 g6 5. Be3 Bg7 6. Qd2 O-O 7. g4 Qc7 8. Nge2
b5 9. Ng3 e5 10. O-O-O a5 11. h4 exd4 12. Bxd4 Be6 13. g5 Ne8 14. Bxg7 Kxg7 15.
h5 b4 16. hxg6 fxg6 17. Nce2 Kg8 18. Nd4 Bxa2 19. b3 Qg7 20. Bc4+ d5 21. exd5
Nd6 22. Ne4 Nxc4 23. bxc4 c5 24. Nf6+ Rxf6 25. gxf6 Qxf6 26. Qh6 Ra7 27. Ne6
Qa1+ 28. Kd2 Qc3+ 29. Kc1 Rf7 30. Rd3 Qa1+ 31. Kd2 Qb2 32. Ng5 Bxc4 33. Nxf7
Bxd3 34. Qxh7+ Kf8 35. Kxd3 Qc3+ 36. Ke2 Qxc2+ 37. Ke3 Qc3+ 38. Kf2 Qd2+ 39.
Kg3 Qxd5 40. Qxg6 Nd7 41. Rh5 Qd4 42. Ng5 Qg1+ 43. Kf4 Qc1+ 44. Kf5 Qc2+ 45.
Ne4 Qb2 46. Qh6+ Ke7 47. Qh7+ Kd8 48. Qh8+ Qxh8 49. Rxh8+ Kc7 50. Ke6 Nb6 51.
Nxc5 Kc6 52. Nd3 b3 53. Rh5 a4 54. Nb4+ Kb7 55. Rh7+ Kc8 56. Kd6 b2 57. Kc6 Kd8
58. Rh1 Nc4 59. Nd5 Ke8 60. f4 a3 61. Nc3 Nd2 62. Rh2 a2 63. Nxa2 b1=Q 64. Rxd2
Qe4+ 65. Kc5 Qxf4 66. Rd4 Qc7+ 67. Kb4 Qb6+ 68. Kc3 Qc5+ 69. Kd3 Qf5+ 70. Re4+
Kd7 71. Nc3 Kc6 72. Kd4 1/2-1/2

[Event "Stuttgarter Stadtmeisterschaft A-Turnie"]
[Site "Ditzingen"]
[Date "2009.05.24"]
[Round "7.44"]
[White "Kaplunov, Vadym"]
[Black "Maier, Armin"]
[Result "0-1"]
[WhiteElo "1953"]
[BlackElo "2066"]
[PlyCount "88"]
[EventDate "2009.??.??"]

1. c4 Nf6 2. Nc3 c5 3. g3 d5 4. cxd5 Nxd5 5. Bg2 Nc7 6. Nf3 Nc6 7. d3 e5 8. Bg5
f6 9. Bd2 Be6 10. Rc1 Rc8 11. Ne4 b6 12. a3 Qd7 13. Qc2 Nd5 14. Nc3 Nd4 15. Qd1
Be7 16. O-O O-O 17. Rb1 Rfd8 18. b3 Bf8 19. Ne4 Bh3 20. Nc3 Nxf3+ 21. Bxf3 Nxc3
22. Bxc3 Bxf1 23. Qxf1 g6 24. h3 Qd6 25. Qg2 Bg7 26. h4 f5 27. Be1 h5 28. Bb7
Rb8 29. Bf3 Kf7 30. Kh2 Qe6 31. Qh3 Rd6 32. Bg2 Rbd8 33. f3 b5 34. Bf1 Ra6 35.
Rc1 Rxa3 36. e4 Rxb3 37. exf5 Rb2+ 38. Kh1 Qxf5 39. g4 Qf4 40. Rd1 c4 41. gxh5
gxh5 42. Ba5 Rd6 43. Bg2 Rg6 44. Rg1 cxd3 0-1

[Event "Stuttgarter Stadtmeisterschaft A-Turnie"]
[Site "Ditzingen"]
[Date "2009.05.24"]
[Round "7.45"]
[White "Löwe, Joachim"]
[Black "Bissbort, Julian"]
[Result "1/2-1/2"]
[WhiteElo "1930"]
[BlackElo "2053"]
[PlyCount "52"]
[EventDate "2009.??.??"]

1. Nf3 c5 2. c4 g6 3. Nc3 Bg7 4. g3 e6 5. e4 Ne7 6. d4 cxd4 7. Nb5 O-O 8. Bf4
Na6 9. Bd6 b6 10. Bg2 Bb7 11. Nfxd4 f5 12. O-O Bxe4 13. Bxe4 fxe4 14. Qe2 Rf7
15. Rad1 Nf5 16. Qxe4 Rc8 17. b3 Qf6 18. Nxf5 Nc5 19. Bxc5 gxf5 20. Qb7 Rxc5
21. Rxd7 Rxd7 22. Qxd7 Bf8 23. Qxa7 f4 24. Qa8 f3 25. Qe4 Re5 26. Qd4 Bc5
1/2-1/2

[Event "Stuttgarter Stadtmeisterschaft A-Turnie"]
[Site "Ditzingen"]
[Date "2009.05.24"]
[Round "7.46"]
[White "Pietzka, Martin"]
[Black "Pogan, Nikolas"]
[Result "0-1"]
[WhiteElo "1846"]
[BlackElo "2050"]
[PlyCount "72"]
[EventDate "2009.??.??"]

1. e4 c6 2. d4 d5 3. Nc3 dxe4 4. Nxe4 Nd7 5. Nf3 Ngf6 6. Nxf6+ Nxf6 7. Be2 Bg4
8. O-O e6 9. a3 Bd6 10. Ne5 h5 11. Bg5 Qc7 12. Bxf6 gxf6 13. Nf3 Bxf3 14. Bxf3
Bxh2+ 15. Kh1 h4 16. c4 O-O-O 17. d5 Bg3 18. Bg4 f5 19. Bh3 Be5 20. Qa4 cxd5
21. cxd5 Rxd5 22. Qb3 Kb8 23. Rac1 Rc5 24. Qe3 Rxc1 25. Rxc1 Qd6 26. Qb3 Rd8
27. Qc2 Qd2 28. Qxd2 Rxd2 29. g4 hxg3 30. fxg3 Bxg3 31. Bg2 Rxb2 32. a4 Re2 33.
Rb1 b6 34. a5 Re1+ 35. Rxe1 Bxe1 36. axb6 axb6 0-1

[Event "Stuttgarter Stadtmeisterschaft A-Turnie"]
[Site "Ditzingen"]
[Date "2009.05.24"]
[Round "7.47"]
[White "Hirschfeld, Dennis"]
[Black "Töws, Manuel"]
[Result "1-0"]
[WhiteElo "1984"]
[BlackElo "1863"]
[PlyCount "81"]
[EventDate "2009.??.??"]

1. d4 Nf6 2. c4 g6 3. Nc3 d5 4. Nf3 Bg7 5. Bg5 dxc4 6. e3 O-O 7. Bxc4 Bf5 8.
Qb3 Qc8 9. Ne5 e6 10. Bxf6 Bxf6 11. e4 Bxe5 12. dxe5 Bg4 13. f3 Nc6 14. fxg4
Nxe5 15. Be2 Qd8 16. O-O Qg5 17. Rad1 Nxg4 18. Bxg4 Qxg4 19. Rd7 Rad8 20. Qd1
Qg5 21. Rxd8 Rxd8 22. Qf3 Rd7 23. h3 c6 24. Qf4 Qc5+ 25. Kh2 e5 26. Qf2 Qa5 27.
Nd1 Qb4 28. Ne3 h5 29. Qf3 Qxb2 30. Rf2 Qa3 31. g4 hxg4 32. Nxg4 Qxf3 33. Rxf3
Re7 34. Kg3 Kg7 35. Kh4 a6 36. Kg5 Re8 37. h4 a5 38. h5 Re6 39. h6+ Kg8 40.
Nf6+ Kf8 41. Rd3 1-0

[Event "Stuttgarter Stadtmeisterschaft A-Turnie"]
[Site "Ditzingen"]
[Date "2009.05.24"]
[Round "7.48"]
[White "Schlachetzki, Horst"]
[Black "Höschele, Hans-Ulrich"]
[Result "1/2-1/2"]
[WhiteElo "1927"]
[BlackElo "2174"]
[PlyCount "93"]
[EventDate "2009.??.??"]

1. e4 c6 2. d4 d5 3. Nc3 dxe4 4. Nxe4 Nf6 5. Nxf6+ gxf6 6. Be3 Nd7 7. Qd2 e6 8.
O-O-O a5 9. f4 f5 10. Nf3 Nf6 11. Ne5 a4 12. Be2 Qa5 13. Qxa5 Rxa5 14. c4 Rg8
15. Bf3 a3 16. b3 Be7 17. Kc2 Ne4 18. c5 Nf6 19. Nc4 Ra7 20. g3 Nd5 21. Bxd5
cxd5 22. Nb6 Bd7 23. Nxd7 Kxd7 24. b4 b6 25. Rb1 Rc8 26. Rb3 Ra4 27. Kd3 Rb8
28. Rhb1 Bf6 29. Bf2 Kc7 30. Rc1 bxc5 31. Rxc5+ Kb6 32. b5 Bd8 33. Rc6+ Ka7 34.
Rcc3 Ra5 35. Be1 Rbxb5 36. Rxb5 Rxb5 37. Rxa3+ Kb7 38. Rb3 Rxb3+ 39. axb3 Kc6
40. Bc3 Kb5 41. Be1 h5 42. h4 Be7 43. Kc2 Bd8 44. Kd3 Bc7 45. Kc2 Bd6 46. Kd3
Ba3 47. Kc2 1/2-1/2

[Event "Stuttgarter Stadtmeisterschaft A-Turnie"]
[Site "Ditzingen"]
[Date "2009.05.24"]
[Round "7.49"]
[White "Stitterich, Nadine"]
[Black "Körber, Thomas"]
[Result "1-0"]
[WhiteElo "1918"]
[BlackElo "2070"]
[PlyCount "85"]
[EventDate "2009.??.??"]

1. e4 c5 2. Nf3 d6 3. d4 cxd4 4. Nxd4 Nf6 5. Nc3 e6 6. Be2 Be7 7. O-O O-O 8. f4
Nc6 9. Nb3 a6 10. Bf3 Qc7 11. g4 b5 12. g5 Nd7 13. Be3 Bb7 14. a4 b4 15. Ne2
Nb6 16. Nd2 a5 17. Qe1 Rad8 18. Qf2 Nd7 19. Nb3 Rfe8 20. Ned4 Rc8 21. Nb5 Qb8
22. Rfd1 Ba6 23. Be2 Bb7 24. Rd2 Nc5 25. Nxc5 dxc5 26. Rad1 Red8 27. Rxd8+ Rxd8
28. c3 Rxd1+ 29. Bxd1 f6 30. gxf6 gxf6 31. Bb3 Nd8 32. f5 Qe5 33. Qg3+ Qxg3+
34. hxg3 Bxe4 35. fxe6 Kg7 36. cxb4 cxb4 37. Bb6 Nc6 38. Na7 Ne5 39. Nc8 Kf8
40. Nxe7 Kxe7 41. Bxa5 Nd3 42. Bc4 Nxb2 43. Bxb4+ 1-0

[Event "Stuttgarter Stadtmeisterschaft A-Turnie"]
[Site "Ditzingen"]
[Date "2009.05.24"]
[Round "7.50"]
[White "Reder, Erik"]
[Black "Zeh, Rolf"]
[Result "1/2-1/2"]
[WhiteElo "1901"]
[BlackElo "2048"]
[PlyCount "142"]
[EventDate "2009.??.??"]

1. c4 e6 2. g3 d5 3. cxd5 exd5 4. Bg2 c6 5. Nf3 Nf6 6. O-O Bd6 7. d3 Bg4 8.
Nbd2 O-O 9. Re1 Re8 10. b3 Nbd7 11. Bb2 Qa5 12. a3 Re7 13. h3 Bxf3 14. Nxf3
Rae8 15. b4 Qc7 16. Qd2 Ne5 17. Nd4 Qd7 18. Rac1 Rc8 19. e4 dxe4 20. dxe4 Bc7
21. Qc2 Bb6 22. Nf5 Re6 23. Red1 Qc7 24. Bd4 Rd8 25. Bc5 Bxc5 26. bxc5 b6 27.
Nd4 Ree8 28. f4 Ng6 29. cxb6 Qxb6 30. Qxc6 Rxd4 31. Qxb6 Rxd1+ 32. Rxd1 axb6
33. e5 Nh5 34. Kh2 Nf8 35. Rb1 Rb8 36. a4 Nd7 37. Bc6 Nc5 38. a5 Kf8 39. Rxb6
Rxb6 40. axb6 Na6 41. Kg2 g6 42. Kf3 Ke7 43. g4 Ng7 44. Ke4 Ne6 45. h4 Nb8 46.
Bb5 Nc5+ 47. Kd5 Ncd7 48. b7 f6 49. e6 Nf8 50. f5 h5 51. fxg6 Nxg6 52. gxh5
Nf4+ 53. Kc5 Nxe6+ 54. Kb6 Kd6 55. h6 Nf8 56. Bd3 Nfd7+ 57. Kb5 Ne5 58. h7 Nf7
59. Bg6 Nh8 60. h5 Kc7 61. Be8 Kxb7 62. Kc5 Kc7 63. Kd5 Kd8 64. Ke6 Kxe8 65.
Kxf6 Kf8 66. h6 Nd7+ 67. Ke6 Ke8 68. Kf5 Kf7 69. Ke4 Nf6+ 70. Kf5 Nxh7 71. Ke5
Kg6 1/2-1/2

[Event "Stuttgarter Stadtmeisterschaft A-Turnie"]
[Site "Ditzingen"]
[Date "2009.05.24"]
[Round "7.51"]
[White "Junginger, Andreas"]
[Black "Tiemann, Tobias"]
[Result "1-0"]
[WhiteElo "2044"]
[BlackElo "1960"]
[PlyCount "57"]
[EventDate "2009.??.??"]

1. e4 c5 2. c3 Nf6 3. e5 Nd5 4. d4 cxd4 5. cxd4 b6 6. Nf3 Bb7 7. Nc3 Nxc3 8.
bxc3 e6 9. Bd3 Qc7 10. Bd2 d6 11. O-O Nd7 12. Re1 dxe5 13. Nxe5 Nxe5 14. Rxe5
Bd6 15. Bb5+ Ke7 16. Rh5 g6 17. Qg4 f6 18. Re1 Qc8 19. d5 e5 20. Rexe5+ Bxe5
21. Rxe5+ fxe5 22. Qh4+ Kf7 23. Bc4 Ba6 24. Bb3 Qd8 25. Bg5 Qd7 26. d6+ Ke8 27.
Qe4 Qf5 28. Qc6+ Kf8 29. Bh6# 1-0

[Event "Stuttgarter Stadtmeisterschaft A-Turnie"]
[Site "Ditzingen"]
[Date "2009.05.24"]
[Round "7.52"]
[White "von Schwerin, Clemens"]
[Black "Weißbeck, Simon"]
[Result "0-1"]
[WhiteElo "1886"]
[BlackElo "1959"]
[PlyCount "70"]
[EventDate "2009.??.??"]

1. e4 e6 2. d4 d5 3. Nd2 Nf6 4. e5 Nfd7 5. Bd3 c5 6. c3 Nc6 7. Ne2 cxd4 8. cxd4
f6 9. exf6 Nxf6 10. O-O Bd6 11. Nf3 O-O 12. Bf4 Bxf4 13. Nxf4 Qd6 14. Ne2 Ng4
15. Ng3 e5 16. Nxe5 Ngxe5 17. dxe5 Qxe5 18. Qb3 Nd4 19. Qc3 Bd7 20. Rae1 Qf6
21. Bb1 Bb5 22. Bd3 Nf3+ 23. gxf3 Qxc3 24. Bxh7+ Kxh7 25. bxc3 Bxf1 26. Kxf1
Rxf3 27. Re7 Raf8 28. Nh1 R8f7 29. Re5 Rd7 30. Re3 Rxe3 31. fxe3 Rc7 32. e4
dxe4 33. Nf2 Rxc3 34. Nxe4 Rc2 35. Nd6 b6 0-1

[Event "Stuttgarter Stadtmeisterschaft A-Turnie"]
[Site "Ditzingen"]
[Date "2009.05.24"]
[Round "7.53"]
[White "Stein, Carsten"]
[Black "Leroy, Patrick"]
[Result "1-0"]
[WhiteElo "1972"]
[BlackElo "1900"]
[PlyCount "33"]
[EventDate "2009.??.??"]

1. e4 d6 2. d4 g6 3. Nc3 Bg7 4. Bc4 Nf6 5. Qe2 O-O 6. e5 dxe5 7. dxe5 Ng4 8. f4
Nc6 9. Nf3 a6 10. O-O Bf5 11. h3 Nh6 12. Be3 Na5 13. Rad1 Qc8 14. Bd5 Be6 15.
Nd4 Bxd5 16. Nxd5 Rd8 17. Nxe7+ 1-0

[Event "Stuttgarter Stadtmeisterschaft A-Turnie"]
[Site "Ditzingen"]
[Date "2009.05.24"]
[Round "7.54"]
[White "Yin, Zixiao"]
[Black "Schäfer, Michael"]
[Result "1-0"]
[WhiteElo "1932"]
[BlackElo "1920"]
[PlyCount "77"]
[EventDate "2009.??.??"]

1. g3 Nf6 2. c3 d5 3. Na3 e5 4. Bg2 c6 5. Nc2 Bd6 6. d3 O-O 7. Nf3 e4 8. dxe4
Nxe4 9. O-O Nd7 10. Nfd4 Ndf6 11. f3 Nc5 12. Bg5 h6 13. Bxf6 Qxf6 14. e4 dxe4
15. fxe4 Qd8 16. Ne3 Bc7 17. Qh5 Qg5 18. Qxg5 hxg5 19. b4 Nxe4 20. Bxe4 Re8 21.
Nd5 cxd5 22. Bxd5 Re7 23. Rxf7 Rxf7 24. Rf1 Bh3 25. Rxf7 Bb6 26. Rxb7+ Kh8 27.
Rxb6 Rf8 28. Bg2 Bxg2 29. Re6 Bh3 30. Re1 Kh7 31. Ne6 Rf5 32. c4 Kh6 33. c5 Rf6
34. Nd4 Ra6 35. c6 Rxa2 36. c7 Rg2+ 37. Kh1 Rd2 38. g4 Bxg4 39. Re6+ 1-0

[Event "Stuttgarter Stadtmeisterschaft A-Turnie"]
[Site "Ditzingen"]
[Date "2009.05.24"]
[Round "7.55"]
[White "Rempeli, Alex"]
[Black "Gogollok, Carsten"]
[Result "0-1"]
[WhiteElo "1764"]
[BlackElo "2043"]
[PlyCount "142"]
[EventDate "2009.??.??"]

1. d4 d5 2. c4 e6 3. Nc3 Nf6 4. Nf3 c6 5. Bf4 dxc4 6. a4 Bb4 7. Ne5 Ne4 8. Rc1
Qf6 9. e3 b5 10. Qf3 Nxc3 11. bxc3 Ba3 12. Rb1 g5 13. Bg3 Qxf3 14. Nxf3 a6 15.
Nxg5 Nd7 16. Be2 Rg8 17. h4 h6 18. Nh3 Nb6 19. a5 Nd5 20. Kd2 Ke7 21. e4 Nf6
22. Bf3 Kd7 23. h5 Bb7 24. e5 Nd5 25. Bxd5 cxd5 26. Rhe1 Bc6 27. Re3 Rab8 28.
Rf3 Ke7 29. Rb4 Bxb4 30. cxb4 Rg4 31. Kc3 Rbg8 32. Rf6 Rxg3+ 33. fxg3 Rxg3+ 34.
Rf3 Rxg2 35. Nf4 Rg1 36. Ne2 Rg5 37. Ng3 Kf8 38. Kd2 Kg7 39. Kc3 Rg4 40. Ne2
Rh4 41. Ng3 Rh2 42. Rf6 Rg2 43. Nf5+ exf5 44. Rxc6 f4 45. Rxa6 f3 46. Rf6 Ra2
47. a6 f2 48. a7 Rxa7 49. Rxf2 Ra3+ 50. Kb2 Rb3+ 51. Kc2 Rxb4 52. Rg2+ Kf8 53.
Rf2 Ra4 54. Rf6 Ra7 55. Kc3 Ra3+ 56. Kc2 Rd3 57. e6 b4 58. Rxf7+ Ke8 59. Rh7
b3+ 60. Kc1 Rh3 61. Kb2 Rxh5 62. Rb7 Rh2+ 63. Kc1 Re2 64. Rb6 Ke7 65. Rb7+ Kxe6
66. Rb6+ Kf5 67. Rxh6 c3 68. Rh1 Ke4 69. Kd1 Ra2 70. Rh4+ Kd3 71. Rh3+ Kc4 0-1

[Event "Stuttgarter Stadtmeisterschaft A-Turnie"]
[Site "Ditzingen"]
[Date "2009.05.24"]
[Round "7.56"]
[White "Janata, Andreas"]
[Black "Hoffmann, Ekkehard"]
[Result "1-0"]
[WhiteElo "2010"]
[BlackElo "1947"]
[PlyCount "97"]
[EventDate "2009.??.??"]

1. d4 g6 2. c4 Bg7 3. Nc3 d6 4. e4 Nc6 5. Nf3 e5 6. dxe5 Nxe5 7. Nxe5 Bxe5 8.
Qb3 Ne7 9. Bh6 f5 10. f4 Bd4 11. O-O-O c5 12. Bd3 fxe4 13. Bxe4 Nf5 14. Bg5 Qb6
15. Bxf5 Be3+ 16. Kb1 Bxf5+ 17. Ka1 Qxb3 18. axb3 Kf7 19. Rxd6 Bd4 20. Nb5 Bg7
21. Re1 Rae8 22. Rdd1 Bf8 23. Rxe8 Kxe8 24. Rd8+ Kf7 25. Nd6+ Ke6 26. Nxb7 h6
27. Bh4 Rh7 28. Na5 Be7 29. Re8 Kd7 30. Rxe7+ Rxe7 31. Bxe7 Kxe7 32. Nc6+ Ke6
33. Nxa7 Bc2 34. Ka2 Kf5 35. b4 cxb4 36. c5 Kxf4 37. c6 Ke3 38. c7 Bf5 39. c8=Q
Bxc8 40. Nxc8 Kf2 41. Ne7 g5 42. g4 Kf3 43. Ng8 Kxg4 44. Nxh6+ Kh5 45. Nf5 Kg4
46. Ng3 Kf3 47. Kb3 g4 48. Nh5 Kg2 49. Nf6 1-0

[Event "Stuttgarter Stadtmeisterschaft A-Turnie"]
[Site "Ditzingen"]
[Date "2009.05.24"]
[Round "7.57"]
[White "Boyens, Birger"]
[Black "Grünert, Thomas"]
[Result "1-0"]
[WhiteElo "1908"]
[BlackElo "1970"]
[PlyCount "79"]
[EventDate "2009.??.??"]

1. e4 c5 2. Nf3 e6 3. d4 cxd4 4. Nxd4 Nf6 5. Bd3 Nc6 6. Be3 a6 7. O-O Qc7 8.
Nxc6 dxc6 9. f4 b5 10. Nc3 Bb4 11. Bd4 Bb7 12. Ne2 c5 13. Be5 Qe7 14. c3 Ba5
15. Ng3 Rd8 16. Qe2 O-O 17. Bxf6 Qxf6 18. e5 Qh6 19. Be4 Bd5 20. Bxd5 Rxd5 21.
a4 Bb6 22. Kh1 c4 23. axb5 axb5 24. Ne4 Qh4 25. Rf3 Rd3 26. Nd6 Qg4 27. Nxb5
Rfd8 28. Nd6 h6 29. Nxc4 Qf5 30. Nxb6 Rd2 31. Qe3 Qc2 32. Qg1 Qb3 33. c4 Qxb2
34. Rb1 Qc2 35. Rff1 Re2 36. Rbc1 Qa2 37. Rfd1 Rdd2 38. Rxd2 Rxd2 39. c5 Qb2
40. Nc4 1-0

[Event "Stuttgarter Stadtmeisterschaft A-Turnie"]
[Site "Ditzingen"]
[Date "2009.05.24"]
[Round "7.58"]
[White "Frühsorger, Dieter"]
[Black "Stegmaier, Michael"]
[Result "1/2-1/2"]
[WhiteElo "1968"]
[BlackElo "1802"]
[PlyCount "102"]
[EventDate "2009.??.??"]

1. e4 c5 2. d4 cxd4 3. c3 dxc3 4. Nxc3 Nc6 5. Nf3 e6 6. Bc4 Bb4 7. O-O Bxc3 8.
bxc3 Nge7 9. Re1 O-O 10. Ba3 Na5 11. Bb3 Nxb3 12. axb3 Re8 13. Qd6 a5 14. Bc5
Ra6 15. Qd3 Qc7 16. b4 axb4 17. cxb4 Ng6 18. Nd4 Nf4 19. Qd2 e5 20. Nb5 Qc6 21.
Nd6 Rd8 22. Rxa6 bxa6 23. Rd1 Ne6 24. Nxc8 Rxc8 25. Qxd7 Qxd7 26. Rxd7 Nxc5 27.
bxc5 Kf8 28. Rd5 f6 29. Kf1 Ke7 30. Ke2 Rc7 31. g4 Rc6 32. Kd3 g6 33. Kc4 Ke6
34. h3 Ke7 35. g5 Ke6 36. gxf6 Kxf6 37. Rd6+ Rxd6 38. cxd6 Ke6 39. Kc5 Kd7 40.
Kd5 a5 41. Kxe5 a4 42. Kd4 Kxd6 43. h4 a3 44. Kc3 Ke5 45. f3 Kf4 46. Kb3 g5 47.
h5 g4 48. fxg4 Kxg4 49. Kxa3 Kxh5 50. Kb4 Kg5 51. Kc5 h5 1/2-1/2

[Event "Stuttgarter Stadtmeisterschaft A-Turnie"]
[Site "Ditzingen"]
[Date "2009.05.24"]
[Round "7.59"]
[White "Paschmann, Stefan"]
[Black "Bergner, Philipp"]
[Result "1/2-1/2"]
[WhiteElo "1961"]
[BlackElo "1833"]
[PlyCount "104"]
[EventDate "2009.??.??"]

1. d4 Nf6 2. Nf3 e6 3. Bg5 d5 4. e3 h6 5. Bh4 Be7 6. Nbd2 Nbd7 7. Bd3 O-O 8. c3
c5 9. a4 b6 10. O-O Bb7 11. Qb1 Re8 12. Ne5 Nxe5 13. dxe5 Ng4 14. Bg3 Bh4 15.
Bxh4 Qxh4 16. Nf3 Qh5 17. h3 Nxe5 18. Nxe5 Qxe5 19. Re1 Rec8 20. Bf1 Qd6 21.
Qd1 a6 22. Qg4 e5 23. Red1 Qe6 24. Qxe6 fxe6 25. f4 exf4 26. exf4 Rd8 27. Re1
Kf7 28. Re5 Rd6 29. Rae1 g6 30. Be2 Bc8 31. h4 h5 32. Bd3 c4 33. Bc2 d4 34.
cxd4 Rxd4 35. g3 Bd7 36. R1e2 Rd5 37. R5e3 Rd8 38. Kf2 Bc8 39. b3 b5 40. axb5
axb5 41. bxc4 bxc4 42. Rc3 Rd2 43. Ke1 Rxe2+ 44. Kxe2 Bb7 45. Bb1 Bd5 46. Ba2
Kf6 47. Ke3 Ra8 48. Bb1 Ra1 49. Bc2 Rf1 50. Ke2 Rg1 51. Kf2 Rg2+ 52. Kf1 Rh2
1/2-1/2

[Event "Stuttgarter Stadtmeisterschaft A-Turnie"]
[Site "Ditzingen"]
[Date "2009.05.24"]
[Round "7.60"]
[White "Meinecke, Klaus-Hinrich"]
[Black "Osswald, Michael"]
[Result "0-1"]
[WhiteElo "1853"]
[BlackElo "1972"]
[PlyCount "73"]
[EventDate "2009.??.??"]

1. e4 e5 2. Nf3 Nc6 3. d4 exd4 4. Nxd4 Nf6 5. Nxc6 bxc6 6. e5 Qe7 7. Qe2 Nd5 8.
c4 Ba6 9. f4 Qb4+ 10. Qd2 Nxf4 11. Nc3 Ng6 12. b3 Nxe5 13. Bb2 Be7 14. O-O-O
Qa5 15. h4 f5 16. Kb1 Rf8 17. g3 Bb7 18. Bg2 O-O-O 19. Qe2 Bf6 20. Na4 Ng4 21.
Rhe1 Bxb2 22. Kxb2 Rf6 23. Qe7 Rd6 24. Rxd6 cxd6 25. Nc3 Qc5 26. Qxg7 Ne5 27.
Re2 Re8 28. Rd2 Qe3 29. Kc2 Ng4 30. Qf7 Qe5 31. Bf3 Ne3+ 32. Kb2 Re7 33. Qg8+
Kc7 34. Qg5 Rg7 35. Qf4 Rxg3 36. Qxe5 dxe5 37. h5 0-1